000 00378nam a2200145Ia 4500
008 240624s9999 xx 000 0 und d
041 _aeng
082 _a658.562 FAS
100 _aFAST LARRY E
245 _a12 PRINCIPLES OF MANUFACTURING EXCELLENCE
250 _a(2nd ed.)
260 _c2016
_aLondon
_bCRC Press
300 _axxvii, : 274 : p. : cm. ; 24
365 _cGBP
_b30
999 _c26889
_d26889